LEADER 01013cam0-22003251i-450- 001 990007424640403321 005 20121217095511.0 010 $a88-495-0126-9 035 $a000742464 035 $aFED01000742464 035 $a(Aleph)000742464FED01 035 $a000742464 100 $a20030505d2000----km-y0itay50------ba 101 0 $aita 102 $aIT 105 $ay-------001yy 200 1 $a<>applicazione di pena su richiesta delle parti$fAlfonso Furgiuele$gstudi di porocedura penale a cura di Giuseppe Riccio 210 $aNapoli$cEdizioni Scientifiche Italiane$d2000 215 $a206 p.$d24 cm 225 1 $aBiblioteca di diritto processuale$v8 676 $a345.45072$vFI 700 1$aFurgiuele,$bAlfonso$0240782 801 0$aIT$bUNINA$gRICA$2UNIMARC 901 $aBK 912 $a990007424640403321 952 $a5,2-287$b3434$fDSPCP 952 $aPecoraro Albani F54$b5479$fDSPCP 959 $aDSPCP 996 $aApplicazione di pena su richiesta delle parti$9677907 997 $aUNINA LEADER 01383nam a2200265 i 4500 001 991002282249707536 005 20020507162137.0 008 991004s1973 it ||| | ita 035 $ab11634704-39ule_inst 035 $aLE02733811$9ExL 040 $aDip.to Studi Giuridici$bita 100 1 $aGarbarino, Giovanna$0187364 245 10$aRoma e la filosofia greca dalle origini alla fine del 2. secolo a.C. :$braccolta di testi con introduzione e commento /$c[a cura di] Giovanna Garbarino 260 $aTorino :$bParavia,$c1973 300 $av. ;$c21 cm. 490 0 $aHistorica politica philosophica ;$v6 907 $a.b11634704$b01-03-17$c02-07-02 912 $a991002282249707536 945 $aLE016 FIL 3 29 $cvol.1$g1$i2016000045420$lle016$nFondo Nenci$on$pE5.00$q-$rn$so $t0$u0$v0$w0$x0$y.i14386215$z06-03-07 945 $aLE016 FIL 3 30 $cvol.2$g1$i2016000045437$lle016$nFondo Nenci$on$pE5.00$q-$rn$so $t0$u0$v0$w0$x0$y.i14386227$z06-03-07 945 $aLE027 ARCHI M 526/1$cV. 1$g1$iLE027-5254$lle027$o-$pE0.00$q-$rl$s- $t0$u0$v0$w0$x0$y.i11854789$z02-07-02 945 $aLE027 ARCHI M 526/2$cV. 2$g1$iLE027-5255$lle027$o-$pE0.00$q-$rl$s- $t0$u0$v0$w0$x0$y.i11854790$z02-07-02 996 $aRoma e la filosofia greca dalle origini alla fine del 2. secolo a.C.$9890689 997 $aUNISALENTO 998 $a(2)le016$a(2)le027$b01-01-99$cm$da $e-$fita$git $h0$i4